Quizzes
Events
Quiz Creation
Community
Videos
Private Events
Remove Ads
Sign In
Join for FREE
Feedback
Dark Mode
Quiz Categories
Sports
Geography
Music
Movies
Television
Just For Fun
Miscellaneous
History
Literature
Language
Science
Gaming
Entertainment
Religion
Holiday
For Kids
Quiz Lab
Recent
Popular Today
Quiz Kudos Today
Editor Picks
Curator Picks
Quizzes by...
Day
Popularity
Type
Ratings
Length
Year
Community
Subscriptions
Recent Discussions
Orange Saloon
Badges
Playlists
Quests
Create
Leaderboards
Showdown
Live 5
Trivia Bingo
Activity
Puzzle Library
Sporcle Events
Private Events
Virtual Trivia
Globe League
Become a Host
Pub Owners
SporcleCon
Opinionation
Our Games
Videos
Blog
Mobile Apps
Partnerships
Remove Ads and Go Orange
Feedback
Literature
Harry Potter
A Song of Ice and Fire
The Hunger Games
Literary Character
Shakespeare
Book
Author
Novel
Poem
Young Adult
Children's Books
Play
Lord of the Rings
Literature
Harry Potter
A Song of Ice and Fire
The Hunger Games
Literary Character
Shakespeare
Book
Author
Novel
Poem
Young Adult
Children's Books
Play
Lord of the Rings
Random Quiz
Search Sporcle
×
Quiz Lab
Quiz Lab
Literature
Another
Type in answers that appear in a list
Type in answers that appear in a list
Classic
Best Score? Go Orange.
Name the Another character Stats
Can you name the Another character?
By
hannahcaroles
20m
28 Questions
9 Plays
9 Plays
9 Plays
Comments
Comments
Give Quiz Kudos
Give Quiz Kudos
-
- Ratings
hide this ad
More Info
Replay
Link that replays current quiz
Next Quiz
Link to next quiz in quiz playlist
You Got
0%
They Got
Avg Score
13%
Avg Friend Score
Upgrade to see
Score Distribution
Jump to the score distribution portion of the page
Score
0/28
Timer
20:00
0
Plays Today
Character Info
Name
% Correct
An unusual girl who wears a white eyepatch over her left eye, Kōichi first meets her on the elevator of Yūmigaoka Hospital, as she delivers a doll to her deceased 'cousin'.
Mei Misaki
88.9%
Kōichi's aunt and Ritsuko's younger sister.
Reiko Mikami
77.8%
A 15-
year-
old boy who transferred to Yomiyama North Middle's Class 3-
3 from Tokyo in 1998, but was hospitalized due to pneumothorax before the school year began.
Kōichi Sakakibara
66.7%
A sports lover with a superficial personality, he was asked to explain the situation to Kōichi but has trouble going through with it.
Naoya Teshigawara
44.4%
The honor student from Yomiyama Middle School's Class 3-
3 in 1972.
Misaki Yomiyama
33.3%
The receptionist at the doll shop and museum.
Amane
22.2%
She is the class 3-
3 representative for the girls side.
Yukari Sakuragi
22.2%
Kōichi's mother, she died 15 years ago right after giving birth to him.
Ritsuko Sakakibara
11.1%
She is an artist and the owner of 'Blue Eyes Empty to All, In the Twilight of Yomi', a ball-
jointed doll store and museum.
Kirika
11.1%
He was Ikuo Takabayashi's grandfather and Keiko Numata's husband.
Kensaku
11.1%
Kōichi's father is a college professor who is doing research in India.
Yōsuke Sakakibara
0%
She is the mother of Mei Misaki and Misaki Fujioka.
Mitsuyo
0%
He's one of the class delegates and a glasses-
wearing honor student.
Tomohiko Kazami
0%
First introduced as Mei's 'other half' and later as her cousin, she was the person whom Mei was delivering a present to at the basement of Yūmigaoka Hospital.
Misaki Fujioka
0%
Character Info
Name
% Correct
A student in charge of countermeasures, she devises and upholds means to deal with the calamity of Class 3-
3.
Izumi Akazawa
0%
A schoolmate and member of the Art Club.
Yūya Mochizuki
0%
A classmate who is noted to occasionally miss school because of his weak heart condition.
Ikuo Takabayashi
0%
Class 3-
3 homeroom teacher.
Shōji Kubodera
0%
Reiko describes him as the 'ruler' of the secondary library.
Tatsuji Chibiki
0%
A nurse at Yūmigaoka Hospital who befriends Koichi.
Sanae Mizuno
0%
He is a member of 9th Grade Class 3 and a student at Yomiyama North Middle School.
Takeru
0%
A former Yomiyama North Middle School student from Class 3-
3 of 1983, and one of Reiko's classmates.
Katsumi Matsunaga
0%
Ikuo Takabayashi's grandmother.
Mineko Numata
0%
Yūya's older half-
sister.
Tomoka Inose
0%
He is a member of 9th Grade Class 3 in 1998 and a student at Yomiyama North Middle School.
Manabu Maejima
0%
She is a student of 9th Grade Class 3 in 1998.
Takako Sugiura
0%
He was a member of 9th Grade Class 3 in 1998 and a student at Yomiyama North Middle School.
Junta Nakao
0%
He is a member of 9th Grade Class 3 in 1998 and a student at Yomiyama North Middle School.
Shigeki Yonemura
0%
Quiz Playlist
Details
Report
Send in Message
Add To Playlist
More Info:
Another is a Japanese mystery horror novel by Yukito Ayatsuji, published on October 29, 2009 by Kadokawa Shoten.
Classic:
Type in answers that appear in a list
Last Updated: Feb 16, 2017
Quiz Scoreboard
CHALLENGE
Sign Up to Join the Scoreboard
Show All
Scores
Hide
Comments
May contain spoilers
Recently Published
One Thing in Common: World Cities II
by knightlancer
Geography
7m
Popular People in 1961
by mucciniale
History
6m
1-10 Letter E Words III
by El_Dandy
Language
2m
More to Explore
Quiz From the Vault
Featured Blog Post
Where Did the Easter Bunny Come From?
hide this ad
You Might Also Like...
Tags
Another
Character
Today's Top Quizzes in Literature
Browse Literature
hide this ad
Today's Top Quizzes in Another
Browse Another
Top Contributed Quizzes in Literature
1
Sneaky Slytherin Logic Puzzle
2
Get The Picture: Black or White Literature
3
One Thing in Common: Literature
4
Weasley Family Reunion: Logic Puzzle
5
Lily Potter Start to Finish
6
James Potter Start to Finish
7
ASOIAF Logic Puzzle [Difficult] [Read Note first!!]
8
One piece logic quiz 3 (Hard difficulty)
9
One Thing in Common: Books
10
Harry Potter and the Philosopher's Stone Logic Puzzle
Explore More
Trending Topics
NBA
Crossword
Harry Potter
Marvel
Anime
Kpop
Disney
Pokémon
WWE
Song
NFL
The Office
Soccer
Puzzle
Country
hide this ad
More By:
hannahcaroles
Quiz
Plays
Rating
Category
Featured
Created
Name the Assassination Classroom character
1,735
1.50
Literature
Mar 19, 2016
Name the Attack on Titan character
897
2.00
Television
Mar 19, 2016
Name the Akame ga Kill! character
374
Entertainment
Mar 19, 2016
Guess the Season 1 Queen by their quote
257
1.00
Television
Dec 17, 2017
Name the anohana: The Flower We Saw That Day character
124
Television
Mar 19, 2016
Go to Creator's Profile
Score Distribution
Quiz Creator Spotlight
hannahcaroles
Follow
Send a Message
Quizzes Created
-
Created Quiz Play Count
-
More By This Creator
Popular Quizzes Today
1
Find the US States - No Outlines Minefield
2
Find the Countries of Europe - No Outlines Minefield
3
The Countries of the World
4
Popular People in 1961
5
1-10 Letter E Words III
6
Find the US States
7
One Thing in Common: World Cities II
8
US States
More Literature Quizzes
Harry Potter: Wolf Trio Venn Diagram
Quiz Lab
Trending Quizzes
Risky Map Clicking: Least Populous States A-Z
1-10 Letter F Words
1-10 Letter G Words
One Thing in Common: United Kingdom
Risky Map Clicking: Biggest States A-Z
Recently Updated
Leaping Animals
pecheneg
Reality TV Shows (A-Z)
bhenderson79
Rickey Henderson's Hall of Fame Teammates
pecheneg
Champions League XIs: Arsenal
pecheneg
Quick Pick: Celebrities in WWE's Hall of Fame
aduchscher
A-Z Keypad Blitz II
pecheneg
Multiple Oscar Actors
pecheneg
Mystery Phrase Blitz: Oscar 'Best Actors'
pecheneg
F. Scott Fitzgerald Novels
LTH
Pick 3 Villains
ddd62291
Trending Topics
Harry Potter
Disney
Crossword
NBA
Marvel
Anime
Kpop
Song
NFL
WWE
Puzzle
Pokémon
Country
The Office
Soccer
Your Account Isn't Verified!
In order to create a playlist on Sporcle, you need to verify the email address you used during registration. Go to your
Sporcle Settings
to finish the process.
Report this User
Report this user for behavior that violates our
Community Guidelines
.
Details:
Send Report
Go to the Sporcle.com Mobile Site →
Comments